Normal view
MARC view
- Marriage - Religious aspects - Islam
Entry Topical Term
001 - CONTROL NUMBER
- control field: 5317
003 - CONTROL NUMBER IDENTIFIER
- control field: JO-AjAnu
005 - DATE AND TIME OF LATEST TRANSACTION
- control field: 20230606071150.0
008 - FIXED-LENGTH DATA ELEMENTS
- fixed length control field: 230606|| aca||aabn | a|a d
040 ## - CATALOGING SOURCE
- Original cataloging agency: JO-AjAnu
- Transcribing agency: JO-AjAnu
150 ## - HEADING--TOPICAL TERM
- Topical term or geographic name entry element: Marriage - Religious aspects - Islam
670 ## - SOURCE DATA FOUND
- Source citation: Work cat.: (JO-AjAnu)2744: MahmoudAl-Istambulli ; translated by Abed - Hamid Eliwa, author 5316, The bride`s boon Tuhfat Al-Arous= تحفة العروس